000 006180000a22002170004500
003 LK-CoMWRAF
005 20231102154617.0
008 230817t1997 ||||| |||| 00| 0 eng d
020 _a1566395194
040 _aLK-CoMWRAF
_dLK-CoMWRAF
_eLK-CoMWRAF
041 _aeng
082 _a305.3
_bJOH
100 _aJohnson, Allan G.
245 _aThe Gender Knot:
_bunraveling our Patriarchal Legacy
260 _aPhiladelphia :
_bTemple University Press,
_c1997
300 _ax, 294 p. : ill. ; 24 cm.
_bBibliography and index included
650 _aSEX ROLE
650 _aPatriarchy
650 _aFeminism
942 _cBK
999 _c426
_d426